| 000 | 01261cam a22003617a 4500 | ||
|---|---|---|---|
| 003 | CHAP | ||
| 005 | 20220329143826.0 | ||
| 008 | 111014s2007 it rn 00010 eng d | ||
| 010 | _a102388 | ||
| 011 | _a103360 | ||
| 020 | _a9789251056684 | ||
| 035 | _a114049 | ||
| 040 | _cCHAP | ||
| 082 | 1 | 0 |
_a639.21638 _bF21y v.82 |
| 110 | 2 |
_aFAO. Comisión General de Pesca para el Mediterráneo _939486 |
|
| 245 | 1 | 3 |
_aMarketing of aquacultured seabass and seabream from the Mediterranean basin _c/por FAO. Comisión General de Pesca para el Mediterráneo |
| 260 |
_aRome : _bFAO, _c2007 |
||
| 300 |
_aviii, 50 p. : _bilus., gráfs., tablas |
||
| 490 | 0 |
_aFAO. Studies and reviews _v; 82 |
|
| 590 |
_aBATCH-UPD _b10 _c20130110 _lUCH01 _h1154 |
||
| 590 |
_aBATCH-UPD _b10 _c20130410 _lUCH01 _h0737 |
||
| 590 |
_aCONVERSION _b10 _c20130109 _lUCH01 _h1356 |
||
| 650 | 1 | 4 |
_aBesugo. _912047 |
| 650 | 1 | 4 |
_aComercio internacional. _925641 |
| 650 | 1 | 4 |
_aLubina. _968838 |
| 650 | 1 | 4 |
_aPescado _xMercadeo. _987450 |
| 650 | 1 | 4 |
_aPrecios. _991344 |
| 700 | 1 |
_aMonfort, Marie Christine _977511 |
|
| 830 | 0 | 0 |
_aFAO. Studies and reviews _v; 82 _939702 |
| 901 | _aBK | ||
| 942 | _cLIBRO | ||
| 949 |
_a639.21638 F21y v.82 _bBC _cFAO _d33724002086579 _eFAO1 _gDonaciØn _h115955 _i114049 _sb |
||
| 999 |
_c102388 _d102388 |
||